000 00538nam a2200181Ia 4500
003 OSt
005 20210413133900.0
008 210310q1977 fr fr 000 0 fre d
040 _aCO-JMCR
_cCO-JMCR
041 0 _afre
082 0 4 _a336.200493 /
_bF679f
_223
100 1 _aFontaneau, Pierre,
_914831
_eautor
245 1 0 _aFiscalite europeenne :
_bpay bas
_cPierre Fontaneau
260 _a[Francia] :
_bLes Cahiers Fiscaux Europeens,
_c1977
300 _b[300] páginas ;
_c25 cm.
650 1 4 _aImpuestos
_914833
_zFrancia
942 _2ddc
_cBK
999 _c7576
_d7576